[Event "14. Obert Int. Sant Marti 2012"]
[Site "Barcelona ESP"]
[Date "2012.07.19"]
[Round "7.38"]
[White "Porta Tovar, Oriol"]
[Black "Hernandez Moya, Yuleisy"]
[Result "0-1"]
[WhiteElo "1900"]
[BlackElo "2177"]
[PlyCount "110"]
[EventDate "2012.07.13"]
[EventType "swiss"]
[EventRounds "9"]
[EventCountry "ESP"]
[SourceTitle "Ajedrez en Madrid"]
[Source "lmi"]
[SourceDate "2012.07.13"]
[SourceVersion "1"]
[SourceVersionDate "2019.06.21"]
[SourceQuality "1"]

1. e4 e6 2. d4 d5 3. Nd2 Nf6 4. e5 Nfd7 5. f4 c5 6. c3 Nc6 7. Ndf3 cxd4 8. cxd4
Bb4+ 9. Kf2 Qb6 10. g3 O-O 11. Ne2 f6 12. Kg2 fxe5 13. fxe5 Ndxe5 14. dxe5 Nxe5
15. Nxe5 Qf2+ 16. Kh3 Qf5+ 17. Kg2 Qxe5 18. Qd4 Qxd4 19. Nxd4 e5 20. Nf3 Bc5
21. b4 Bb6 22. Bb2 Bg4 23. Be2 e4 24. Rhf1 exf3+ 25. Bxf3 Bxf3+ 26. Rxf3 Rxf3
27. Kxf3 Rf8+ 28. Kg4 Rf2 29. Be5 Re2 30. Bd6 Rxh2 31. Rd1 Rxa2 32. Rxd5 Kf7
33. Bc7 Re2 34. Bxb6 axb6 35. Rd7+ Re7 36. Rd6 Re4+ 37. Kf5 Rxb4 38. Rd7+ Kf8
39. Rxb7 h6 40. Ke6 Kg8 41. Rb8+ Kh7 42. Rf8 Rb3 43. g4 Kg6 44. Rf4 Rb1 45. Kd5
b5 46. Kc5 Kg5 47. Rf7 g6 48. Rg7 Rg1 49. Kxb5 Rxg4 50. Kc5 Re4 51. Kd5 Re8 52.
Kd4 h5 53. Kd3 h4 54. Kd2 Kh5 55. Rh7+ Kg4 0-1

[Event "14. Obert Int. Sant Marti 2012"]
[Site "Barcelona ESP"]
[Date "2012.07.19"]
[Round "7.39"]
[White "Dave, Dhyani"]
[Black "Khairullin, Adel"]
[Result "1-0"]
[WhiteElo "2170"]
[BlackElo "2004"]
[PlyCount "39"]
[EventDate "2012.07.13"]
[EventType "swiss"]
[EventRounds "9"]
[EventCountry "ESP"]
[SourceTitle "Ajedrez en Madrid"]
[Source "lmi"]
[SourceDate "2012.07.13"]
[SourceVersion "1"]
[SourceVersionDate "2019.06.21"]
[SourceQuality "1"]

1. e4 c5 2. Nf3 e6 3. d3 Nc6 4. g3 d5 5. Qe2 Be7 6. Bg2 Nf6 7. O-O O-O 8. e5
Nd7 9. c4 dxc4 10. dxc4 Qc7 11. Bf4 b6 12. Nc3 a6 13. Nd5 Qb8 14. Nxe7+ Nxe7
15. Ng5 Bb7 16. Qd3 Rd8 17. Qxh7+ Kf8 18. Qh8+ Ng8 19. Nh7+ Ke7 20. Qxg7 1-0

[Event "14. Obert Int. Sant Marti 2012"]
[Site "Barcelona ESP"]
[Date "2012.07.19"]
[Round "7.40"]
[White "Ortega Serra, Marc"]
[Black "Ezquerro Luque, Albert"]
[Result "1-0"]
[WhiteElo "2223"]
[BlackElo "2041"]
[PlyCount "81"]
[EventDate "2012.07.13"]
[EventType "swiss"]
[EventRounds "9"]
[EventCountry "ESP"]
[SourceTitle "Ajedrez en Madrid"]
[Source "lmi"]
[SourceDate "2012.07.13"]
[SourceVersion "1"]
[SourceVersionDate "2019.06.21"]
[SourceQuality "1"]

1. d4 d6 2. e4 g6 3. Be2 Bg7 4. h4 Nd7 5. h5 e5 6. Be3 exd4 7. Bxd4 Bxd4 8.
Qxd4 Qf6 9. Nf3 Ne5 10. Nxe5 Qxe5 11. Qxe5+ dxe5 12. hxg6 fxg6 13. Nd2 Nf6 14.
O-O-O Be6 15. g4 Rd8 16. g5 Nd7 17. Rh6 O-O 18. Rdh1 Rf7 19. Nc4 Re8 20. Ne3
Ree7 21. f3 c6 22. a4 b6 23. b3 Kf8 24. Rd1 Nc5 25. Rd6 Bd7 26. Nc4 Nb7 27.
Rxd7 Rxd7 28. Nxe5 Nd8 29. Bc4 Rfe7 30. Nxd7+ Rxd7 31. Rh2 Nb7 32. Rd2 Re7 33.
Rd1 Kg7 34. Kd2 h6 35. gxh6+ Kxh6 36. Ke3 g5 37. Ba6 Nc5 38. Bc8 Rc7 39. Bf5 g4
40. Rh1+ Kg5 41. f4+ 1-0

[Event "14. Obert Int. Sant Marti 2012"]
[Site "Barcelona ESP"]
[Date "2012.07.19"]
[Round "7.41"]
[White "Jaramillo Ochoa, Mateo"]
[Black "Isgandarova, Khayala"]
[Result "1-0"]
[WhiteElo "2030"]
[BlackElo "2206"]
[PlyCount "123"]
[EventDate "2012.07.13"]
[EventType "swiss"]
[EventRounds "9"]
[EventCountry "ESP"]
[SourceTitle "Ajedrez en Madrid"]
[Source "lmi"]
[SourceDate "2012.07.13"]
[SourceVersion "1"]
[SourceVersionDate "2019.06.21"]
[SourceQuality "1"]

1. d4 Nf6 2. c4 g6 3. Nc3 Bg7 4. e4 d6 5. Nf3 O-O 6. h3 e5 7. d5 a5 8. Bg5 h6
9. Be3 Na6 10. g4 Ne8 11. Rg1 Kh7 12. Bd3 Nc5 13. Bc2 Bd7 14. a3 c6 15. b4 axb4
16. axb4 Na6 17. Rb1 c5 18. bxc5 Nxc5 19. Nd2 Qc8 20. Rg3 Kh8 21. Ra1 Na6 22.
Qb1 Nb4 23. Ba4 Na6 24. Bxd7 Qxd7 25. Ra3 Nec7 26. Rb3 Rfb8 27. Nb5 Nc5 28.
Bxc5 dxc5 29. Nxc7 Qxc7 30. Ra3 Bf6 31. Qb2 Bg5 32. Nb1 Qd6 33. Rgb3 Rxa3 34.
Nxa3 Qf6 35. Qe2 Qf4 36. Qe3 Qxe3+ 37. fxe3 Bd8 38. Nc2 Ba5+ 39. Ke2 Kg7 40.
Rb5 b6 41. Rb3 Kf6 42. Ne1 Rh8 43. h4 Ke7 44. Nd3 Kd6 45. Rb1 f6 46. Rg1 Bc3
47. Kf3 b5 48. cxb5 c4 49. Rc1 cxd3 50. Rxc3 Rb8 51. Rc6+ Kd7 52. b6 Ra8 53. b7
Rb8 54. Rxf6 g5 55. hxg5 hxg5 56. Rb6 Rf8+ 57. Kg2 Rb8 58. Kf2 Kc7 59. Rh6 Rf8+
60. Ke1 Kb8 61. Rb6 Rf3 62. Kd2 1-0

[Event "14. Obert Int. Sant Marti 2012"]
[Site "Barcelona ESP"]
[Date "2012.07.19"]
[Round "7.42"]
[White "Shatko, Danil"]
[Black "Garcia Acosta, Roger"]
[Result "1-0"]
[WhiteElo "2143"]
[BlackElo "1894"]
[PlyCount "69"]
[EventDate "2012.07.13"]
[EventType "swiss"]
[EventRounds "9"]
[EventCountry "ESP"]
[SourceTitle "Ajedrez en Madrid"]
[Source "lmi"]
[SourceDate "2012.07.13"]
[SourceVersion "1"]
[SourceVersionDate "2019.06.21"]
[SourceQuality "1"]

1. d4 d5 2. c4 e6 3. Nc3 Be7 4. Nf3 Nf6 5. e3 O-O 6. Bd3 b6 7. O-O Bb7 8. Qe2
Nbd7 9. b3 Ne4 10. Bb2 Ndf6 11. Rad1 Nxc3 12. Bxc3 Ne4 13. Bb2 f5 14. Ne5 c5
15. f3 Nd6 16. cxd5 exd5 17. dxc5 bxc5 18. Ba6 Rf6 19. Bxb7 Nxb7 20. Qd3 Rc8
21. Qxd5+ Qxd5 22. Rxd5 Rd6 23. Rfd1 Rxd5 24. Rxd5 Nd6 25. Ba3 Nb5 26. Rd7 Bf6
27. Bb2 Re8 28. f4 Rd8 29. Rxd8+ Bxd8 30. Nc6 Bf6 31. Bxf6 gxf6 32. a4 Nc3 33.
Nxa7 Ne2+ 34. Kf2 Nc1 35. Nc6 1-0

[Event "14. Obert Int. Sant Marti 2012"]
[Site "Barcelona ESP"]
[Date "2012.07.19"]
[Round "7.43"]
[White "Garcia Castellote, Oscar"]
[Black "Olive Oller, Guim"]
[Result "1-0"]
[WhiteElo "2088"]
[BlackElo "1850"]
[PlyCount "55"]
[EventDate "2012.07.13"]
[EventType "swiss"]
[EventRounds "9"]
[EventCountry "ESP"]
[SourceTitle "Ajedrez en Madrid"]
[Source "lmi"]
[SourceDate "2012.07.13"]
[SourceVersion "1"]
[SourceVersionDate "2019.06.21"]
[SourceQuality "1"]

1. e4 c5 2. d3 Nc6 3. g3 d6 4. Bg2 Nf6 5. f4 g6 6. Nf3 Qc7 7. Nc3 a6 8. O-O Bg7
9. h3 Rb8 10. g4 e6 11. f5 gxf5 12. exf5 exf5 13. g5 Nh5 14. Qe1+ Be5 15. Nd5
Qd8 16. Qh4 Ng7 17. Nf6+ Bxf6 18. gxf6 Ne6 19. Bh6 Nf8 20. Bg7 Rg8 21. Ng5 Be6
22. Nxe6 fxe6 23. Qh5+ Ng6 24. Qxh7 Kf7 25. Bh8+ Kf8 26. Bg7+ Kf7 27. Rxf5 Nce5
28. Bh6+ 1-0

[Event "14. Obert Int. Sant Marti 2012"]
[Site "Barcelona ESP"]
[Date "2012.07.19"]
[Round "7.45"]
[White "Fernandez Aguilar, Francisco"]
[Black "Ponce Garcia, Joan"]
[Result "0-1"]
[WhiteElo "1946"]
[BlackElo "2102"]
[PlyCount "48"]
[EventDate "2012.07.13"]
[EventType "swiss"]
[EventRounds "9"]
[EventCountry "ESP"]
[SourceTitle "Ajedrez en Madrid"]
[Source "lmi"]
[SourceDate "2012.07.13"]
[SourceVersion "1"]
[SourceVersionDate "2019.06.21"]
[SourceQuality "1"]

1. e4 e6 2. d4 d5 3. Nd2 Nf6 4. e5 Nfd7 5. f4 c5 6. c3 Nc6 7. Ndf3 cxd4 8. cxd4
Qb6 9. g3 Bb4+ 10. Kf2 f5 11. Ne2 O-O 12. Bh3 Be7 13. g4 fxg4 14. Bxg4 Nd8 15.
Kg2 Nf7 16. f5 exf5 17. Bxf5 Ndxe5 18. Bxc8 Nxf3 19. Bg4 Qg6 20. h3 Nh4+ 21.
Kh2 Bd6+ 22. Nf4 Qe4 23. Qf1 Ng5 24. Kg3 Ng6 0-1

[Event "14. Obert Int. Sant Marti 2012"]
[Site "Barcelona ESP"]
[Date "2012.07.19"]
[Round "7.46"]
[White "Ruiz Molina, Gabriel"]
[Black "Masferrer Niubo, Enric"]
[Result "1/2-1/2"]
[WhiteElo "1945"]
[BlackElo "2000"]
[PlyCount "117"]
[EventDate "2012.07.13"]
[EventType "swiss"]
[EventRounds "9"]
[EventCountry "ESP"]
[SourceTitle "Ajedrez en Madrid"]
[Source "lmi"]
[SourceDate "2012.07.13"]
[SourceVersion "1"]
[SourceVersionDate "2019.06.21"]
[SourceQuality "1"]

1. d4 Nf6 2. c4 g6 3. Nc3 Bg7 4. e4 O-O 5. Nf3 d6 6. Be2 Nbd7 7. O-O e5 8. Be3
Qe7 9. d5 Ng4 10. Bg5 f6 11. Bd2 f5 12. h3 Ngf6 13. exf5 gxf5 14. Ng5 Nc5 15.
b4 Nce4 16. Ncxe4 Nxe4 17. Nxe4 fxe4 18. Bg4 Qf6 19. Qe2 Bxg4 20. Qxg4 Qf5 21.
Qxf5 Rxf5 22. Rae1 c6 23. dxc6 bxc6 24. Rxe4 d5 25. Rg4 h5 26. Rg6 Rc8 27. c5
Rc7 28. Bh6 Kh7 29. Rxg7+ Rxg7 30. Bxg7 Kxg7 31. g3 Rf3 32. Re1 Kf6 33. Re3 Rf5
34. Ra3 d4 35. Rxa7 Ke6 36. Kf1 Kd5 37. a4 Kc4 38. Rb7 Kc3 39. b5 e4 40. bxc6
Rxc5 41. c7 d3 42. Rb1 Kc2 43. Ra1 Rxc7 44. Ke1 Kb2 45. Rd1 Ra7 46. Kd2 Rxa4
47. f3 exf3 48. Kxd3 Ra3+ 49. Ke4 f2 50. Kf4 h4 51. gxh4 Rxh3 52. Kg4 Rd3 53.
Rf1 Rd2 54. Kg3 Kc3 55. Rxf2 Rxf2 56. Kxf2 Kd4 57. h5 Ke5 58. Kg3 Kf5 59. Kh4
1/2-1/2

[Event "14. Obert Int. Sant Marti 2012"]
[Site "Barcelona ESP"]
[Date "2012.07.19"]
[Round "7.47"]
[White "De Azua Arpi, Rafael"]
[Black "Nadal Fajardo, Ricard"]
[Result "0-1"]
[WhiteElo "1952"]
[BlackElo "1707"]
[PlyCount "74"]
[EventDate "2012.07.13"]
[EventType "swiss"]
[EventRounds "9"]
[EventCountry "ESP"]
[SourceTitle "Ajedrez en Madrid"]
[Source "lmi"]
[SourceDate "2012.07.13"]
[SourceVersion "1"]
[SourceVersionDate "2019.06.21"]
[SourceQuality "1"]

1. d4 d5 2. c4 c6 3. Nc3 Nf6 4. e3 e6 5. Nf3 Be7 6. Bd3 Nbd7 7. O-O O-O 8. a4
a5 9. Qe2 Re8 10. e4 dxe4 11. Nxe4 Nxe4 12. Bxe4 Nf6 13. Bc2 b6 14. Ne5 Qxd4
15. Nxc6 Qc5 16. Nxe7+ Qxe7 17. Bg5 Ba6 18. Ra3 Rac8 19. Rc3 Red8 20. b3 Bb7
21. Rg3 Kh8 22. Bb1 h6 23. Rh3 Kg8 24. Be3 Qd6 25. Rg3 Kh8 26. Qb2 e5 27. f4 e4
28. Qe2 Qb4 29. Bc2 Rd6 30. Rd1 Rcd8 31. Rxd6 Rxd6 32. Bc1 Bc6 33. Re3 Qc5 34.
Kf1 Qd4 35. g3 Bd7 36. Bxe4 Nxe4 37. Rxe4 Bh3+ 0-1

[Event "14. Obert Int. Sant Marti 2012"]
[Site "Barcelona ESP"]
[Date "2012.07.19"]
[Round "7.48"]
[White "Franch Guiral, Ramon"]
[Black "Cano Sevila, Ivan"]
[Result "1-0"]
[WhiteElo "1948"]
[BlackElo "1521"]
[PlyCount "87"]
[EventDate "2012.07.13"]
[EventType "swiss"]
[EventRounds "9"]
[EventCountry "ESP"]
[SourceTitle "Ajedrez en Madrid"]
[Source "lmi"]
[SourceDate "2012.07.13"]
[SourceVersion "1"]
[SourceVersionDate "2019.06.21"]
[SourceQuality "1"]

1. e4 e5 2. Nc3 Nf6 3. Bc4 Bc5 4. d3 h6 5. Qe2 Nc6 6. Nf3 d6 7. Na4 Bb6 8. Nxb6
axb6 9. a3 O-O 10. c3 Be6 11. Bxe6 fxe6 12. O-O Qd7 13. b4 Rf7 14. Ne1 Raf8 15.
Bb2 Nh7 16. d4 exd4 17. cxd4 Ne7 18. Nd3 Ng6 19. Rac1 Nf4 20. Nxf4 Rxf4 21. f3
d5 22. exd5 exd5 23. Rfe1 R4f7 24. Rc3 Nf6 25. Qc2 Re7 26. Rc1 c6 27. a4 Rfe8
28. Qb3 Re1+ 29. Rxe1 Rxe1+ 30. Kf2 Qe7 31. Qc2 Rg1 32. Qd2 Rb1 33. Re3 Rxb2
34. Qxb2 Qc7 35. g3 c5 36. Qc3 c4 37. b5 Qf7 38. Kg2 Qd7 39. Qe1 Qf5 40. Re7
Qc2+ 41. Qe2 Qxa4 42. Qe6+ Kh7 43. Qxf6 Qc2+ 44. Kh3 1-0

[Event "14. Obert Int. Sant Marti 2012"]
[Site "Barcelona ESP"]
[Date "2012.07.19"]
[Round "7.49"]
[White "Cardenas, Fernando Adrian"]
[Black "Layola Barrionuevo, Javier"]
[Result "1/2-1/2"]
[WhiteElo "1916"]
[BlackElo "2061"]
[PlyCount "112"]
[EventDate "2012.07.13"]
[EventType "swiss"]
[EventRounds "9"]
[EventCountry "ESP"]
[SourceTitle "Ajedrez en Madrid"]
[Source "lmi"]
[SourceDate "2012.07.13"]
[SourceVersion "1"]
[SourceVersionDate "2019.06.21"]
[SourceQuality "1"]

1. Nf3 Nf6 2. c4 d6 3. d4 g6 4. Nc3 Bg7 5. g3 O-O 6. Bg2 Nbd7 7. O-O e5 8. h3
c6 9. e4 Qe7 10. d5 c5 11. a3 Ne8 12. b4 b6 13. Re1 h6 14. Bb2 Ndf6 15. bxc5
bxc5 16. a4 Nh7 17. Qd2 f5 18. Nh4 Qf7 19. a5 Ng5 20. exf5 gxf5 21. f4 exf4 22.
gxf4 Qh5 23. fxg5 Qxh4 24. gxh6 Bxh6 25. Qd3 Bg7 26. Na4 f4 27. Qf3 Bf5 28.
Bxg7 Nxg7 29. Nc3 Rae8 30. Ne4 Re5 31. Re2 Rfe8 32. Rae1 Bg6 33. Qg4 Qxg4 34.
hxg4 Bxe4 35. Bxe4 Kf7 36. Kf2 Kf6 37. Kf3 Kg5 38. Rh1 Rb8 39. Rh7 Rb3+ 40. Kf2
Re7 41. Bf3 Rxe2+ 42. Kxe2 Kg6 43. Be4+ Kf7 44. Bf5 Kg8 45. Rh6 Nxf5 46. gxf5
Rc3 47. Rxd6 Rxc4 48. Rd7 Rd4 49. f6 c4 50. Kf3 c3 51. Rxa7 Rxd5 52. Rg7+ Kf8
53. a6 Ra5 54. a7 c2 55. Rc7 Rxa7 56. Rxc2 Kf7 1/2-1/2

[Event "14. Obert Int. Sant Marti 2012"]
[Site "Barcelona ESP"]
[Date "2012.07.19"]
[Round "7.50"]
[White "Roig Ruiz, Carles"]
[Black "Garcia Mosquera, David"]
[Result "0-1"]
[WhiteElo "1832"]
[BlackElo "2033"]
[PlyCount "120"]
[EventDate "2012.07.13"]
[EventType "swiss"]
[EventRounds "9"]
[EventCountry "ESP"]
[SourceTitle "Ajedrez en Madrid"]
[Source "lmi"]
[SourceDate "2012.07.13"]
[SourceVersion "1"]
[SourceVersionDate "2019.06.21"]
[SourceQuality "1"]

1. d4 b6 2. c4 Bb7 3. Nc3 g6 4. e4 Bg7 5. f4 e6 6. e5 d5 7. cxd5 exd5 8. Nf3
Ne7 9. Bb5+ c6 10. Bd3 O-O 11. O-O c5 12. Nb5 c4 13. Bc2 f5 14. Ng5 Qd7 15. Ba4
Bc6 16. e6 Qe8 17. Nd6 Bxa4 18. Nxe8 Bxd1 19. Nxg7 Ba4 20. b3 cxb3 21. axb3
Bxb3 22. Rf3 Bc4 23. Rh3 h5 24. Nxh5 gxh5 25. Rxh5 Nbc6 26. Ra3 Nxd4 27. Bb2
Ne2+ 28. Kf2 d4 29. Rah3 Ng6 30. g3 Nc3 31. Kg1 Bxe6 32. Nxe6 Rfe8 33. Nxd4
Ne2+ 34. Kf2 Nxd4 35. Bxd4 Rad8 36. Be3 Rd3 37. Rg5 Rdxe3 38. Rxg6+ Kf7 39. Rg5
Re2+ 40. Kf1 Re1+ 41. Kf2 R8e2+ 42. Kf3 Re3+ 43. Kf2 R1e2+ 44. Kf1 Ra2 45. Rh7+
Ke6 46. Rh6+ Kd7 47. Rxf5 Rb3 48. Rh7+ Kc6 49. Rh6+ Kb7 50. Rf7+ Ka6 51. Re7
Kb5 52. Re5+ Kb4 53. Rh4 a5 54. f5+ Kc3 55. Re3+ Kc2 56. Rc4+ Kb2 57. Ke2 Rxe3+
58. Kxe3 Kb3 59. Kd3 Rxh2 60. Rc6 b5 0-1

[Event "14. Obert Int. Sant Marti 2012"]
[Site "Barcelona ESP"]
[Date "2012.07.19"]
[Round "7.51"]
[White "Quero Ortega, Juan"]
[Black "Severri Arrese, Carlos"]
[Result "1/2-1/2"]
[WhiteElo "1877"]
[BlackElo "1996"]
[PlyCount "81"]
[EventDate "2012.07.13"]
[EventType "swiss"]
[EventRounds "9"]
[EventCountry "ESP"]
[SourceTitle "Ajedrez en Madrid"]
[Source "lmi"]
[SourceDate "2012.07.13"]
[SourceVersion "1"]
[SourceVersionDate "2019.06.21"]
[SourceQuality "1"]

1. e4 e6 2. Nf3 c5 3. d3 Nc6 4. Be2 d5 5. exd5 exd5 6. O-O Bd6 7. Nc3 Nf6 8.
Bg5 Be6 9. Re1 O-O 10. Qd2 a6 11. Bf4 h6 12. d4 c4 13. Ne5 Bxe5 14. dxe5 Ne8
15. Rad1 Nc7 16. h3 Qd7 17. Na4 Rad8 18. Nc5 Qc8 19. Nxe6 fxe6 20. c3 Ne7 21.
Bh2 b5 22. f4 Qb7 23. Bg4 Nf5 24. Bxf5 Rxf5 25. Qd4 b4 26. g4 Rff8 27. cxb4
Qxb4 28. Qc3 a5 29. Qxb4 axb4 30. f5 Ra8 31. fxe6 Nxe6 32. Rxd5 Rxa2 33. h4
Rxb2 34. Rd6 Re8 35. Red1 c3 36. Rc1 c2 37. Rd2 b3 38. Kg2 g5 39. hxg5 h5 40.
gxh5 Nxg5 41. Re2 1/2-1/2

[Event "14. Obert Int. Sant Marti 2012"]
[Site "Barcelona ESP"]
[Date "2012.07.20"]
[Round "8.1"]
[White "Moskalenko, Viktor"]
[Black "Saptarshi, Roy"]
[Result "1/2-1/2"]
[WhiteElo "2591"]
[BlackElo "2389"]
[PlyCount "102"]
[EventDate "2012.07.13"]
[EventType "swiss"]
[EventRounds "9"]
[EventCountry "ESP"]
[SourceTitle "Ajedrez en Madrid"]
[Source "lmi"]
[SourceDate "2012.07.13"]
[SourceVersion "1"]
[SourceVersionDate "2019.06.21"]
[SourceQuality "1"]

1. d4 d5 2. c4 e6 3. Nc3 c6 4. e4 Bb4 5. cxd5 exd5 6. e5 c5 7. a3 Bxc3+ 8. bxc3
c4 9. Ne2 Nc6 10. g3 Na5 11. Bg2 Nb3 12. Rb1 Bf5 13. Rxb3 cxb3 14. Qxb3 Ne7 15.
Bg5 Qb6 16. Qxb6 axb6 17. Nf4 Be6 18. Kd2 Rxa3 19. Rb1 Ra2+ 20. Ke1 Nc8 21.
Nxd5 Bf5 22. Rc1 h6 23. Bd2 O-O 24. Ne3 Bd3 25. Bxb7 b5 26. Nd5 Ra7 27. Bxc8
Rxc8 28. Nb4 Bc4 29. Be3 Ra3 30. d5 Rca8 31. Bc5 Rb3 32. d6 Rb2 33. Rc2 Rb1+
34. Kd2 Raa1 35. Ke3 Re1+ 36. Kf3 Rxe5 37. Rd2 Rxc5 38. d7 Ra8 39. d8=Q+ Rxd8
40. Rxd8+ Kh7 41. Rd2 Be6 42. Rd3 Bf5 43. Re3 g5 44. Ke2 h5 45. Kd2 h4 46. Re7
Kg6 47. Rb7 Re5 48. Rb6+ f6 49. f3 Bh3 50. Nc2 Bg2 51. Nd4 Bf1 1/2-1/2

[Event "14. Obert Int. Sant Marti 2012"]
[Site "Barcelona ESP"]
[Date "2012.07.20"]
[Round "8.2"]
[White "Quesada Perez, Yuniesky"]
[Black "Ortiz Suarez, Isan Reynaldo"]
[Result "1/2-1/2"]
[WhiteElo "2626"]
[BlackElo "2562"]
[PlyCount "34"]
[EventDate "2012.07.13"]
[EventType "swiss"]
[EventRounds "9"]
[EventCountry "ESP"]
[SourceTitle "Ajedrez en Madrid"]
[Source "lmi"]
[SourceDate "2012.07.13"]
[SourceVersion "1"]
[SourceVersionDate "2019.06.21"]
[SourceQuality "1"]

1. e4 c5 2. Nf3 d6 3. d4 cxd4 4. Nxd4 Nf6 5. Nc3 a6 6. Be3 e5 7. Nb3 Be6 8. f3
h5 9. Qd2 Nbd7 10. O-O-O Rc8 11. Kb1 Be7 12. g3 Qc7 13. Nd5 Nxd5 14. exd5 Bf5
15. Bd3 Bxd3 16. Qxd3 Qc4 17. Qxc4 Rxc4 1/2-1/2

[Event "14. Obert Int. Sant Marti 2012"]
[Site "Barcelona ESP"]
[Date "2012.07.20"]
[Round "8.4"]
[White "Alarcon Casellas, Rolando"]
[Black "Cordova, Emilio"]
[Result "1-0"]
[WhiteElo "2436"]
[BlackElo "2584"]
[PlyCount "137"]
[EventDate "2012.07.13"]
[EventType "swiss"]
[EventRounds "9"]
[EventCountry "ESP"]
[SourceTitle "Ajedrez en Madrid"]
[Source "lmi"]
[SourceDate "2012.07.13"]
[SourceVersion "1"]
[SourceVersionDate "2019.06.21"]
[SourceQuality "1"]

1. e4 c5 2. f4 Nc6 3. Nc3 e6 4. Nf3 d5 5. exd5 exd5 6. Bb5 a6 7. Bxc6+ bxc6 8.
O-O Bd6 9. d3 Ne7 10. b3 O-O 11. Na4 Qc7 12. c4 Ng6 13. g3 Bh3 14. Rf2 Rad8 15.
Ng5 Bf5 16. Qf1 Rfe8 17. Bd2 Nf8 18. Re1 Ne6 19. Nxe6 fxe6 20. Bc3 Qf7 21. Be5
Bf8 22. h3 Qg6 23. Re3 dxc4 24. dxc4 Rd3 25. Rff3 Red8 26. Rxd3 Bxd3 27. Qe1 h5
28. Nc3 Bf5 29. Kh2 Qf7 30. Rf2 Qd7 31. Qe2 Qe8 32. Rg2 Bd6 33. Bxd6 Rxd6 34.
Ne4 Bxe4 35. Qxe4 h4 36. gxh4 Rd4 37. Qe5 Qf7 38. Rf2 Qf6 39. Qxf6 gxf6 40. h5
Kh7 41. Kg3 Kh6 42. Re2 Kxh5 43. Rxe6 Rd3+ 44. Kg2 Rd2+ 45. Kf3 Kg6 46. Rxc6
Rxa2 47. Rxc5 Rb2 48. h4 Rxb3+ 49. Ke4 Rc3 50. h5+ Kh6 51. Rc6 Kxh5 52. Kd4 Rc1
53. Rxf6 Kg4 54. Rxa6 Rd1+ 55. Ke5 Re1+ 56. Kd6 Rd1+ 57. Kc7 Rc1 58. Ra4 Kxf4
59. c5+ Ke5 60. c6 Rh1 61. Ra5+ Ke6 62. Ra2 Kd5 63. Rd2+ Kc5 64. Rc2+ Kd5 65.
Kb7 Rb1+ 66. Kc8 Kd6 67. c7 Ke7 68. Re2+ Kf7 69. Re5 1-0

[Event "14. Obert Int. Sant Marti 2012"]
[Site "Barcelona ESP"]
[Date "2012.07.20"]
[Round "8.5"]
[White "Perez Mitjans, Orelvis"]
[Black "Lorenzo De La Riva, Lazaro"]
[Result "0-1"]
[WhiteElo "2504"]
[BlackElo "2422"]
[PlyCount "82"]
[EventDate "2012.07.13"]
[EventType "swiss"]
[EventRounds "9"]
[EventCountry "ESP"]
[SourceTitle "Ajedrez en Madrid"]
[Source "lmi"]
[SourceDate "2012.07.13"]
[SourceVersion "1"]
[SourceVersionDate "2019.06.21"]
[SourceQuality "1"]

1. e4 e6 2. d4 d5 3. Nc3 Bb4 4. e5 c5 5. Bd2 Ne7 6. Nb5 Bxd2+ 7. Qxd2 O-O 8. f4
a6 9. Nd6 cxd4 10. Nf3 Nbc6 11. Bd3 f6 12. O-O fxe5 13. fxe5 Rxf3 14. gxf3 Nxe5
15. Nxc8 Rxc8 16. Rae1 Nxd3 17. Qxd3 Nf5 18. Rxe6 Ne3 19. Rf2 Qg5+ 20. Kh1 Qh4
21. Re2 Rxc2 22. Re8+ Kf7 23. R8xe3 Rc1+ 24. Re1 Rxe1+ 25. Rxe1 Qxe1+ 26. Kg2
Qe5 27. Qxh7 Qg5+ 28. Kf1 Qc1+ 29. Kg2 Kf6 30. Qg8 Qc2+ 31. Kg3 Qc7+ 32. f4 Qd6
33. Qc8 Qe6 34. Qxb7 d3 35. Qb8 d2 36. Qf8+ Kg6 37. f5+ Qxf5 38. Qe8+ Kh7 39.
Qe2 Qg5+ 40. Kh3 Kh6 41. Qf1 Qh5+ 0-1

[Event "14. Obert Int. Sant Marti 2012"]
[Site "Barcelona ESP"]
[Date "2012.07.20"]
[Round "8.6"]
[White "Munoz Pantoja, Miguel"]
[Black "Anurag, Mhamal"]
[Result "1/2-1/2"]
[WhiteElo "2496"]
[BlackElo "2301"]
[PlyCount "78"]
[EventDate "2012.07.13"]
[EventType "swiss"]
[EventRounds "9"]
[EventCountry "ESP"]
[SourceTitle "Ajedrez en Madrid"]
[Source "lmi"]
[SourceDate "2012.07.13"]
[SourceVersion "1"]
[SourceVersionDate "2019.06.21"]
[SourceQuality "1"]

1. e4 e5 2. Nf3 Nc6 3. Bb5 a6 4. Ba4 Nf6 5. Bxc6 dxc6 6. d3 Nd7 7. Be3 c5 8. c3
Bd6 9. O-O O-O 10. d4 Qe7 11. Re1 cxd4 12. cxd4 exd4 13. Bxd4 Ne5 14. Nxe5 Bxe5
15. Nc3 Bg4 16. f3 Bxd4+ 17. Qxd4 Be6 18. f4 Rad8 19. Qf2 f6 20. e5 Bc4 21.
exf6 Qxf6 22. g3 h6 23. Qc5 Qd4+ 24. Qxd4 Rxd4 25. Rad1 Rfd8 26. Re8+ Rxe8 27.
Rxd4 b5 28. b3 Re1+ 29. Kf2 Rc1 30. Nd1 Rc2+ 31. Ke3 Be2 32. Nf2 Rxa2 33. Rd8+
Kh7 34. Rd7 Rc2 35. f5 Kg8 36. f6 gxf6 37. Ne4 f5 38. Nf6+ Kf8 39. Kf4 Bg4
1/2-1/2

[Event "14. Obert Int. Sant Marti 2012"]
[Site "Barcelona ESP"]
[Date "2012.07.20"]
[Round "8.7"]
[White "Cruz, Jonathan"]
[Black "Escobar Forero, Alder"]
[Result "1/2-1/2"]
[WhiteElo "2418"]
[BlackElo "2487"]
[PlyCount "51"]
[EventDate "2012.07.13"]
[EventType "swiss"]
[EventRounds "9"]
[EventCountry "ESP"]
[SourceTitle "Ajedrez en Madrid"]
[Source "lmi"]
[SourceDate "2012.07.13"]
[SourceVersion "1"]
[SourceVersionDate "2019.06.21"]
[SourceQuality "1"]

1. d4 d5 2. c4 c6 3. Nf3 Nf6 4. Nc3 dxc4 5. e3 e6 6. Bxc4 b5 7. Bd3 a6 8. Ne4
Nbd7 9. Ne5 Nxe5 10. dxe5 Nxe4 11. Bxe4 Qxd1+ 12. Kxd1 Bb7 13. Bd2 O-O-O 14.
Ke2 c5 15. Bxb7+ Kxb7 16. a4 b4 17. Rhd1 Be7 18. Rac1 Kb6 19. Rc4 Rd5 20. e4
Rd7 21. Be3 Rxd1 22. Kxd1 Kc6 23. b3 g5 24. f3 h5 25. Ke2 Rd8 26. Rc2 1/2-1/2

[Event "14. Obert Int. Sant Marti 2012"]
[Site "Barcelona ESP"]
[Date "2012.07.20"]
[Round "8.8"]
[White "Beltran Rueda, Santiago"]
[Black "Turov, Maxim"]
[Result "1/2-1/2"]
[WhiteElo "2383"]
[BlackElo "2642"]
[PlyCount "92"]
[EventDate "2012.07.13"]
[EventType "swiss"]
[EventRounds "9"]
[EventCountry "ESP"]
[SourceTitle "Ajedrez en Madrid"]
[Source "lmi"]
[SourceDate "2012.07.13"]
[SourceVersion "1"]
[SourceVersionDate "2019.06.21"]
[SourceQuality "1"]

1. Nf3 c5 2. c4 Nc6 3. Nc3 g6 4. e3 Nf6 5. d4 cxd4 6. exd4 d5 7. cxd5 Nxd5 8.
Qb3 Nxc3 9. Bc4 Nd5 10. Bxd5 e6 11. Bxc6+ bxc6 12. O-O Qd5 13. Qc3 Bg7 14. Qa3
f6 15. Be3 Kf7 16. Rac1 Bb7 17. Rc5 Qd7 18. Ra5 Bf8 19. Qa4 Bd6 20. Nd2 Bc7 21.
Rc5 Bb6 22. Ne4 Rhd8 23. Rcc1 Qe7 24. Nc5 Rac8 25. Rfe1 Rd5 26. b4 Ba8 27. Qb3
Rb8 28. Bf4 Bxc5 29. Rxc5 Rb5 30. Qc4 Qd7 31. Be3 Bb7 32. a4 Rbxc5 33. bxc5 Bc8
34. Rb1 Kg7 35. h3 g5 36. Qe2 e5 37. dxe5 Rxe5 38. Qb2 Rd5 39. Qb3 Ba6 40. Qb8
Qf7 41. Rb4 Rd7 42. Rd4 Rxd4 43. Bxd4 Bc4 44. Qd6 Bd5 45. a5 a6 46. Kh2 Qe6
1/2-1/2